Statistics for 2019-2020 New York Giants Current Roster

Click here to take the quiz!

General Stats

  • This quiz has been taken 331 times
  • The average score is 15 of 41

Answer Stats

HintAnswer% Correct
QBDaniel Jones
98%
RBSaquon Barkley
95%
QBEli Manning
94%
WRSterling Shepard
78%
TEEvan Engram
75%
WRRussell Shepard
73%
WRGolden Tate
57%
RBWayne Gallman
57%
SSJabrill Peppers
50%
KAldrick Rosas
47%
CoachPat Shurmur
47%
DEDexter Lawrence
42%
RBRod Smith
40%
OLWill Hernandez
40%
CBJanoris Jenkins
39%
OLNate Solder
39%
CBDeandre Baker
36%
FBElijhaa Penny
36%
DTDalvin Tomlinson
32%
PRiley Dixon
30%
OLKevin Zeitler
28%
FSJulian Love
26%
TERhett Ellison
26%
QBKyle Lauletta
25%
DEBJ Hill
24%
FSAntoine Bethea
23%
LBAlec Ogletree
22%
LBLorenzo Carter
22%
SSMichael Thomas
22%
OLJon Halapio
21%
WRCody Latimer
20%
LSZak DeOssie
20%
LBKareem Martin
19%
CBSam Beal
18%
WRCorey Coleman
17%
OLMike Remmers
17%
LBBJ Goodson
11%
TEScott Simonson
10%
CBGrant Haley
8%
DERJ McIntosh
4%
LBNate Stupar
1%

Score Distribution

Percentile by Number Answered

Percent of People with Each Score

Your Score History

You have not taken this quiz